[Event "ARG-ch sf U2000/1700/1400"]
[Site "Chaco"]
[Date "2019.12.21"]
[Round "3.8"]
[White "Alderete, Ian"]
[Black "Sandoval, Nahuel"]
[Result "0-1"]
[WhiteElo "1473"]
[BlackElo "1538"]
[PlyCount "84"]
[EventDate "2019.12.21"]
[EventType "swiss"]
[EventRounds "5"]
[EventCountry "ARG"]
[SourceTitle "EXT 2024"]
[Source "ChessBase"]
[SourceDate "2023.10.10"]
[SourceVersion "1"]
[SourceVersionDate "2023.10.10"]
[SourceQuality "1"]

1. e4 e5 2. Nf3 Nc6 3. Bb5 a6 4. Ba4 Nf6 5. 0-0 b5 6. Bb3 d6 7. Re1 Na5 8. c3 Nxb3 9. Qxb3 Be6 10. Qd1 Be7 11. d4 exd4 12. cxd4 0-0 13. Qc2 d5 14. e5 Ne4 15. Nbd2 Nxd2 16. Bxd2 Rc8 17. h4 Bxh4 18. Nxh4 Qxh4 19. Re3 Qxd4 20. Rae1 g6 21. Rg3 Bd7 22. Ree3 Qc4 23. Qb1 Be6 24. Ref3 Qe4 25. Qa1 Qxe5 26. Bh6 Rfd8 27. Re3 Qh5 28. Bg5 d4 29. Rd3 Rd7 30. Bf6 c5 31. b4 cxb4 32. Bxd4 Rdc7 33. Be3 Qe2 34. Bh6 f5 35. Rd6 Qh5 36. Bf4 Bxa2 37. Qxa2+ Rc4 38. Rgd3 a5 39. Rd8+ Rxd8 40. Rxd8+ Kf7 41. f3 Qh4 42. g3 Qxd8 0-1